| 000 | 00438nam a2200145 a 4500 | ||
|---|---|---|---|
| 005 | 20140412111246.0 | ||
| 008 | 010727s19uu xx 00 eng d | ||
| 020 | _a0-7498-0590-0 | ||
| 050 |
_aREF 440 _bMy995 1992 |
||
| 245 |
_aMy first 100 French words : _ba pull-the-tab word bool. |
||
| 260 |
_aManchester : _bWorld International Publishing Limited, _c1992. |
||
| 300 | _a1v. (unp.) ; ill. | ||
| 650 | _aFrench words | ||
| 999 |
_c102940 _d102940 |
||